Freakopedia : kedy vykradnúť banku : ... a ďalších 131 dobre mienených rád /

Na minha lista:
Detalhes bibliográficos
Main Authors: Levitt, Steven D. (Author), Dubner, Stephen J. (Author)
Formato: Livro
Idioma:eslovaco
inglês
Publicado em: Bratislava Premedia 2015
Assuntos:
Tags: Adicionar Tag
Sem tags, seja o primeiro a adicionar uma tag!

MARC

LEADER 00000nam a22000003a 4500
001 0082519
003 SK-STU
005 20200722133857.3
007 ta
008 200722s ----xo-----e------000-0-----d
020 |a 978-80-8159-317-8 
040 |a STU  |b slo 
041 0 |a slo  |h eng 
044 |a xo 
100 1 |a Levitt, Steven D.  |4 aut 
245 1 0 |a Freakopedia :  |b kedy vykradnúť banku : ... a ďalších 131 dobre mienených rád /  |c aut. Steven D Levitt, Stephen J Dubner 
260 |a Bratislava  |b Premedia  |c 2015 
300 |a 254 s. 
650 0 7 |a psychologické aspekty ekonomiky 
650 0 7 |a sociologické aspekty ekonomiky 
650 0 7 |a ekonomické správanie 
700 1 |a Dubner, Stephen J.  |4 aut 
996 |b 284M088383  |c M* 14327-1  |l MMKN  |s A  |a 24  |w 0082519_0001